<?xml version="1.0" encoding="UTF-8"?>
<OAI-PMH xsi:schemaLocation="http://www.openarchives.org/OAI/2.0/ http://www.openarchives.org/OAI/2.0/OAI-PMH.xsd" xmlns="http://www.openarchives.org/OAI/2.0/" xmlns:xsi="http://www.w3.org/2001/XMLSchema-instance"><responseDate>2026-06-30T01:32:05Z</responseDate><request metadataPrefix="MARC21-xml" verb="GetRecord" identifier="oai:dnb.de/authorities/118540238">https://services.dnb.de/oai/repository</request><GetRecord xsi:schemaLocation="http://www.loc.gov/MARC21/slim http://www.loc.gov/standards/marcxml/schema/MARC21slim.xsd"><record><header><identifier>oai:dnb.de/authorities/118540238</identifier><datestamp>2026-06-02T15:21:33Z</datestamp><setSpec>authorities</setSpec></header><metadata><record type="Authority" xmlns="http://www.loc.gov/MARC21/slim">
    <leader>00000nz  a2200000nc 4500</leader>
    <controlfield tag="001">118540238</controlfield>
    <controlfield tag="003">DE-101</controlfield>
    <controlfield tag="005">20260602172133.0</controlfield>
    <controlfield tag="008">880701n||azznnaabn           | aaa    |c</controlfield>
    <datafield tag="024" ind1="7" ind2=" ">
      <subfield code="a">118540238</subfield>
      <subfield code="0">http://d-nb.info/gnd/118540238</subfield>
      <subfield code="2">gnd</subfield>
    </datafield>
    <datafield tag="024" ind1="7" ind2=" ">
      <subfield code="a">0000 0001 2099 9104</subfield>
      <subfield code="2">isni</subfield>
    </datafield>
    <datafield tag="024" ind1="7" ind2=" ">
      <subfield code="a">Q5879</subfield>
      <subfield code="2">wikidata</subfield>
    </datafield>
    <datafield tag="024" ind1="7" ind2=" ">
      <subfield code="a">n79003362</subfield>
      <subfield code="2">lccn</subfield>
    </datafield>
    <datafield tag="035" ind1=" " ind2=" ">
      <subfield code="a">(DE-101)118540238</subfield>
    </datafield>
    <datafield tag="035" ind1=" " ind2=" ">
      <subfield code="a">(DE-588)118540238</subfield>
    </datafield>
    <datafield tag="035" ind1=" " ind2=" ">
      <subfield code="z">(DE-588)1131918517</subfield>
    </datafield>
    <datafield tag="035" ind1=" " ind2=" ">
      <subfield code="z">(DE-588)1095607278</subfield>
    </datafield>
    <datafield tag="035" ind1=" " ind2=" ">
      <subfield code="z">(DE-588)1022736213</subfield>
    </datafield>
    <datafield tag="035" ind1=" " ind2=" ">
      <subfield code="z">(DE-588)1032060956</subfield>
    </datafield>
    <datafield tag="035" ind1=" " ind2=" ">
      <subfield code="z">(DE-588c)4021455-2</subfield>
      <subfield code="9">v:zg</subfield>
    </datafield>
    <datafield tag="035" ind1=" " ind2=" ">
      <subfield code="z">(DE-588)1014927390</subfield>
    </datafield>
    <datafield tag="035" ind1=" " ind2=" ">
      <subfield code="z">(DE-588a)1014927390</subfield>
      <subfield code="9">v:zg</subfield>
    </datafield>
    <datafield tag="035" ind1=" " ind2=" ">
      <subfield code="z">(DE-588)101488358X</subfield>
    </datafield>
    <datafield tag="035" ind1=" " ind2=" ">
      <subfield code="z">(DE-588a)101488358X</subfield>
      <subfield code="9">v:zg</subfield>
    </datafield>
    <datafield tag="035" ind1=" " ind2=" ">
      <subfield code="z">(DE-588)185848826</subfield>
    </datafield>
    <datafield tag="035" ind1=" " ind2=" ">
      <subfield code="z">(DE-588a)185848826</subfield>
      <subfield code="9">v:zg</subfield>
    </datafield>
    <datafield tag="035" ind1=" " ind2=" ">
      <subfield code="z">(DE-588)185808069</subfield>
    </datafield>
    <datafield tag="035" ind1=" " ind2=" ">
      <subfield code="z">(DE-588a)185808069</subfield>
      <subfield code="9">v:zg</subfield>
    </datafield>
    <datafield tag="035" ind1=" " ind2=" ">
      <subfield code="z">(DE-588a)118540238</subfield>
      <subfield code="9">v:zg</subfield>
    </datafield>
    <datafield tag="035" ind1=" " ind2=" ">
      <subfield code="z">(DE-588a)1014123208</subfield>
    </datafield>
    <datafield tag="040" ind1=" " ind2=" ">
      <subfield code="a">DE-101</subfield>
      <subfield code="c">DE-101</subfield>
      <subfield code="9">r:DE-101</subfield>
      <subfield code="b">ger</subfield>
      <subfield code="d">0631</subfield>
      <subfield code="e">rda</subfield>
    </datafield>
    <datafield tag="042" ind1=" " ind2=" ">
      <subfield code="a">gnd1</subfield>
    </datafield>
    <datafield tag="043" ind1=" " ind2=" ">
      <subfield code="c">XA-DE</subfield>
    </datafield>
    <datafield tag="065" ind1=" " ind2=" ">
      <subfield code="a">12.2p</subfield>
      <subfield code="2">sswd</subfield>
    </datafield>
    <datafield tag="065" ind1=" " ind2=" ">
      <subfield code="a">16.5p</subfield>
      <subfield code="2">sswd</subfield>
    </datafield>
    <datafield tag="065" ind1=" " ind2=" ">
      <subfield code="a">15.1p</subfield>
      <subfield code="2">sswd</subfield>
    </datafield>
    <datafield tag="065" ind1=" " ind2=" ">
      <subfield code="a">13.4p</subfield>
      <subfield code="2">sswd</subfield>
    </datafield>
    <datafield tag="065" ind1=" " ind2=" ">
      <subfield code="a">7.14p</subfield>
      <subfield code="2">sswd</subfield>
    </datafield>
    <datafield tag="065" ind1=" " ind2=" ">
      <subfield code="a">18p</subfield>
      <subfield code="2">sswd</subfield>
    </datafield>
    <datafield tag="075" ind1=" " ind2=" ">
      <subfield code="b">p</subfield>
      <subfield code="2">gndgen</subfield>
    </datafield>
    <datafield tag="075" ind1=" " ind2=" ">
      <subfield code="b">piz</subfield>
      <subfield code="2">gndspec</subfield>
    </datafield>
    <datafield tag="079" ind1=" " ind2=" ">
      <subfield code="a">g</subfield>
      <subfield code="q">s</subfield>
      <subfield code="q">a</subfield>
      <subfield code="q">f</subfield>
      <subfield code="q">z</subfield>
      <subfield code="q">h</subfield>
      <subfield code="q">l</subfield>
      <subfield code="q">d</subfield>
      <subfield code="u">v</subfield>
      <subfield code="u">w</subfield>
      <subfield code="u">k</subfield>
      <subfield code="u">m</subfield>
      <subfield code="u">e</subfield>
      <subfield code="u">z</subfield>
      <subfield code="u">o</subfield>
    </datafield>
    <datafield tag="100" ind1="1" ind2=" ">
      <subfield code="a">Goethe, Johann Wolfgang &#152;von&#156;</subfield>
      <subfield code="d">1749-1832</subfield>
    </datafield>
    <datafield tag="375" ind1=" " ind2=" ">
      <subfield code="a">1</subfield>
      <subfield code="2">iso5218</subfield>
    </datafield>
    <datafield tag="377" ind1=" " ind2="7">
      <subfield code="a">ger</subfield>
      <subfield code="2">iso639-2b</subfield>
    </datafield>
    <datafield tag="400" ind1="1" ind2=" ">
      <subfield code="a">Goethe, Johann Wolfgang</subfield>
      <subfield code="d">1749-1832</subfield>
      <subfield code="9">v:ADB</subfield>
    </datafield>
    <datafield tag="400" ind1="1" ind2=" ">
      <subfield code="a">Goethe, Johan Wolfgang &#152;von&#156;</subfield>
      <subfield code="d">1749-1832</subfield>
    </datafield>
    <datafield tag="400" ind1="1" ind2=" ">
      <subfield code="a">Goethe, Johan Wolphgang</subfield>
      <subfield code="d">1749-1832</subfield>
    </datafield>
    <datafield tag="400" ind1="1" ind2=" ">
      <subfield code="a">Goethe, Johan W. &#152;von&#156;</subfield>
      <subfield code="d">1749-1832</subfield>
    </datafield>
    <datafield tag="400" ind1="1" ind2=" ">
      <subfield code="a">Goethe, Joh. Wolfg. &#152;v.&#156;</subfield>
      <subfield code="d">1749-1832</subfield>
    </datafield>
    <datafield tag="400" ind1="1" ind2=" ">
      <subfield code="a">Goethe, J. Wolfgang</subfield>
      <subfield code="d">1749-1832</subfield>
    </datafield>
    <datafield tag="400" ind1="1" ind2=" ">
      <subfield code="a">Goethe, J. W. &#152;v.&#156;</subfield>
      <subfield code="d">1749-1832</subfield>
    </datafield>
    <datafield tag="400" ind1="1" ind2=" ">
      <subfield code="a">Goethe, J. W.</subfield>
      <subfield code="d">1749-1832</subfield>
    </datafield>
    <datafield tag="400" ind1="1" ind2=" ">
      <subfield code="a">Goethe, Jan Wolfgang</subfield>
      <subfield code="d">1749-1832</subfield>
    </datafield>
    <datafield tag="400" ind1="1" ind2=" ">
      <subfield code="a">Goethe, Jean Wolfgang &#152;von&#156;</subfield>
      <subfield code="d">1749-1832</subfield>
    </datafield>
    <datafield tag="400" ind1="1" ind2=" ">
      <subfield code="a">Goethe, Juan Wolfgang &#152;von&#156;</subfield>
      <subfield code="d">1749-1832</subfield>
    </datafield>
    <datafield tag="400" ind1="1" ind2=" ">
      <subfield code="a">Goethe, Juan Wolfgang</subfield>
      <subfield code="d">1749-1832</subfield>
    </datafield>
    <datafield tag="400" ind1="1" ind2=" ">
      <subfield code="a">Goethe, Juan W.</subfield>
      <subfield code="d">1749-1832</subfield>
    </datafield>
    <datafield tag="400" ind1="1" ind2=" ">
      <subfield code="a">Goethe, João Wolfgang &#152;von&#156;</subfield>
      <subfield code="d">1749-1832</subfield>
    </datafield>
    <datafield tag="400" ind1="1" ind2=" ">
      <subfield code="a">Goethe, Iohann Wolfgang</subfield>
      <subfield code="d">1749-1832</subfield>
    </datafield>
    <datafield tag="400" ind1="1" ind2=" ">
      <subfield code="a">Goethe, Iohan Wolphgang</subfield>
      <subfield code="d">1749-1832</subfield>
    </datafield>
    <datafield tag="400" ind1="1" ind2=" ">
      <subfield code="a">Goethe, Ioannes W.</subfield>
      <subfield code="d">1749-1832</subfield>
    </datafield>
    <datafield tag="400" ind1="1" ind2=" ">
      <subfield code="a">Goethe, I. W.</subfield>
      <subfield code="d">1749-1832</subfield>
    </datafield>
    <datafield tag="400" ind1="1" ind2=" ">
      <subfield code="a">Goethe, Wolfgango</subfield>
      <subfield code="d">1749-1832</subfield>
    </datafield>
    <datafield tag="400" ind1="1" ind2=" ">
      <subfield code="a">Goethe, Wolfango</subfield>
      <subfield code="d">1749-1832</subfield>
    </datafield>
    <datafield tag="400" ind1="1" ind2=" ">
      <subfield code="a">Goethe, W. &#152;von&#156;</subfield>
      <subfield code="d">1749-1832</subfield>
    </datafield>
    <datafield tag="400" ind1="1" ind2=" ">
      <subfield code="a">Goethe, Volfgango</subfield>
      <subfield code="d">1749-1832</subfield>
    </datafield>
    <datafield tag="400" ind1="1" ind2=" ">
      <subfield code="a">Goethe, Volfango</subfield>
      <subfield code="d">1749-1832</subfield>
    </datafield>
    <datafield tag="400" ind1="1" ind2=" ">
      <subfield code="a">Goethe, Giov. L.</subfield>
      <subfield code="d">1749-1832</subfield>
    </datafield>
    <datafield tag="400" ind1="1" ind2=" ">
      <subfield code="a">Goethe, G. L.</subfield>
      <subfield code="d">1749-1832</subfield>
    </datafield>
    <datafield tag="400" ind1="0" ind2=" ">
      <subfield code="a">Goethe</subfield>
      <subfield code="d">1749-1832</subfield>
    </datafield>
    <datafield tag="400" ind1="1" ind2=" ">
      <subfield code="a">Goethe, Johann &#152;von&#156;</subfield>
      <subfield code="d">1749-1832</subfield>
    </datafield>
    <datafield tag="400" ind1="1" ind2=" ">
      <subfield code="a">Von Goethe, Johann Wolfgang</subfield>
      <subfield code="d">1749-1832</subfield>
    </datafield>
    <datafield tag="400" ind1="0" ind2=" ">
      <subfield code="a">Goethius</subfield>
      <subfield code="d">1749-1832</subfield>
    </datafield>
    <datafield tag="400" ind1="1" ind2=" ">
      <subfield code="a">Göthe, Johann Wolfgang &#152;von&#156;</subfield>
      <subfield code="d">1749-1832</subfield>
    </datafield>
    <datafield tag="400" ind1="1" ind2=" ">
      <subfield code="a">Göthe, Johann W. êvonë</subfield>
      <subfield code="d">1749-1832</subfield>
    </datafield>
    <datafield tag="400" ind1="1" ind2=" ">
      <subfield code="a">Göthe, Jan Wolfgang</subfield>
      <subfield code="d">1749-1832</subfield>
    </datafield>
    <datafield tag="400" ind1="1" ind2=" ">
      <subfield code="a">Göthe, Jan Wolfang</subfield>
      <subfield code="d">1749-1832</subfield>
    </datafield>
    <datafield tag="400" ind1="1" ind2=" ">
      <subfield code="a">Göthe, J. W. &#152;von&#156;</subfield>
      <subfield code="d">1749-1832</subfield>
    </datafield>
    <datafield tag="400" ind1="1" ind2=" ">
      <subfield code="a">Göthe, Giov. Volfango</subfield>
      <subfield code="d">1749-1832</subfield>
    </datafield>
    <datafield tag="400" ind1="0" ind2=" ">
      <subfield code="a">Göthe</subfield>
      <subfield code="d">1749-1832</subfield>
    </datafield>
    <datafield tag="400" ind1="1" ind2=" ">
      <subfield code="a">Göte, Iogann V.</subfield>
      <subfield code="d">1749-1832</subfield>
    </datafield>
    <datafield tag="400" ind1="0" ind2=" ">
      <subfield code="a">Göte</subfield>
      <subfield code="d">1749-1832</subfield>
    </datafield>
    <datafield tag="400" ind1="1" ind2=" ">
      <subfield code="a">Goete, Iohan V. &#152;p'on&#156;</subfield>
      <subfield code="d">1749-1832</subfield>
    </datafield>
    <datafield tag="400" ind1="1" ind2=" ">
      <subfield code="a">Goet'e, Iohan Volp'gang</subfield>
      <subfield code="d">1749-1832</subfield>
    </datafield>
    <datafield tag="400" ind1="0" ind2=" ">
      <subfield code="a">Goet'e</subfield>
      <subfield code="d">1749-1832</subfield>
    </datafield>
    <datafield tag="400" ind1="0" ind2=" ">
      <subfield code="a">Goe te</subfield>
      <subfield code="d">1749-1832</subfield>
    </datafield>
    <datafield tag="400" ind1="0" ind2=" ">
      <subfield code="a">Gêôt'ê</subfield>
      <subfield code="d">1749-1832</subfield>
    </datafield>
    <datafield tag="400" ind1="1" ind2=" ">
      <subfield code="a">G'ote, Jochan Volfgang</subfield>
      <subfield code="d">1749-1832</subfield>
    </datafield>
    <datafield tag="400" ind1="1" ind2=" ">
      <subfield code="a">Gete, Yohan Volfgang</subfield>
      <subfield code="d">1749-1832</subfield>
    </datafield>
    <datafield tag="400" ind1="1" ind2=" ">
      <subfield code="a">G'ote, V. &#152;f.&#156;</subfield>
      <subfield code="d">1749-1832</subfield>
    </datafield>
    <datafield tag="400" ind1="0" ind2=" ">
      <subfield code="a">G'ote</subfield>
      <subfield code="d">1749-1832</subfield>
    </datafield>
    <datafield tag="400" ind1="1" ind2=" ">
      <subfield code="a">Gót, J. V.</subfield>
      <subfield code="d">1749-1832</subfield>
    </datafield>
    <datafield tag="400" ind1="0" ind2=" ">
      <subfield code="a">Gót</subfield>
      <subfield code="d">1749-1832</subfield>
    </datafield>
    <datafield tag="400" ind1="1" ind2=" ">
      <subfield code="a">Go't, I. V.</subfield>
      <subfield code="d">1749-1832</subfield>
    </datafield>
    <datafield tag="400" ind1="0" ind2=" ">
      <subfield code="a">Goithios</subfield>
      <subfield code="d">1749-1832</subfield>
    </datafield>
    <datafield tag="400" ind1="0" ind2=" ">
      <subfield code="a">Gotenin</subfield>
      <subfield code="d">1749-1832</subfield>
    </datafield>
    <datafield tag="400" ind1="0" ind2=" ">
      <subfield code="a">Gejteh</subfield>
      <subfield code="d">1749-1832</subfield>
    </datafield>
    <datafield tag="400" ind1="1" ind2=" ">
      <subfield code="a">Gete, Jōhan Wolfgang &#152;fon&#156;</subfield>
      <subfield code="d">1749-1832</subfield>
    </datafield>
    <datafield tag="400" ind1="1" ind2=" ">
      <subfield code="a">Gete, Johann Volʹfgang</subfield>
      <subfield code="d">1749-1832</subfield>
    </datafield>
    <datafield tag="400" ind1="1" ind2=" ">
      <subfield code="a">Géte, Johans Volfgangs</subfield>
      <subfield code="d">1749-1832</subfield>
    </datafield>
    <datafield tag="400" ind1="1" ind2=" ">
      <subfield code="a">Gėtė, Johanas Volfgangas</subfield>
      <subfield code="d">1749-1832</subfield>
    </datafield>
    <datafield tag="400" ind1="1" ind2=" ">
      <subfield code="a">Gete, Jochan Volfgang</subfield>
      <subfield code="d">1749-1832</subfield>
    </datafield>
    <datafield tag="400" ind1="1" ind2=" ">
      <subfield code="a">Gete, Jogann Vol'fgang &#152;fon&#156;</subfield>
      <subfield code="d">1749-1832</subfield>
    </datafield>
    <datafield tag="400" ind1="1" ind2=" ">
      <subfield code="a">Gete, Jogann Vol'fgang êfonë</subfield>
      <subfield code="d">1749-1832</subfield>
    </datafield>
    <datafield tag="400" ind1="1" ind2=" ">
      <subfield code="a">Gete, Jogann-Vol'fgang</subfield>
      <subfield code="d">1749-1832</subfield>
    </datafield>
    <datafield tag="400" ind1="1" ind2=" ">
      <subfield code="a">Gete, J. V.</subfield>
      <subfield code="d">1749-1832</subfield>
    </datafield>
    <datafield tag="400" ind1="1" ind2=" ">
      <subfield code="a">Gete, J.-V.</subfield>
      <subfield code="d">1749-1832</subfield>
    </datafield>
    <datafield tag="400" ind1="1" ind2=" ">
      <subfield code="a">Gete, Iogann W.</subfield>
      <subfield code="d">1749-1832</subfield>
    </datafield>
    <datafield tag="400" ind1="1" ind2=" ">
      <subfield code="a">Gete, I. W.</subfield>
      <subfield code="d">1749-1832</subfield>
    </datafield>
    <datafield tag="400" ind1="1" ind2=" ">
      <subfield code="a">Gete, Iohan Volfgang</subfield>
      <subfield code="d">1749-1832</subfield>
    </datafield>
    <datafield tag="400" ind1="1" ind2=" ">
      <subfield code="a">Gëte, Iogann Vol'fgang</subfield>
      <subfield code="d">1749-1832</subfield>
    </datafield>
    <datafield tag="400" ind1="1" ind2=" ">
      <subfield code="a">Gëte, Johann Volfgang</subfield>
      <subfield code="d">1749-1832</subfield>
    </datafield>
    <datafield tag="400" ind1="1" ind2=" ">
      <subfield code="a">Gëte, Iogann Vol'fgang</subfield>
      <subfield code="d">1749-1832</subfield>
    </datafield>
    <datafield tag="400" ind1="1" ind2=" ">
      <subfield code="a">Gete, I. V.</subfield>
      <subfield code="d">1749-1832</subfield>
    </datafield>
    <datafield tag="400" ind1="1" ind2=" ">
      <subfield code="a">Gete, I.-V.</subfield>
      <subfield code="d">1749-1832</subfield>
    </datafield>
    <datafield tag="400" ind1="1" ind2=" ">
      <subfield code="a">Gete, Yohan Wolfgang</subfield>
      <subfield code="d">1749-1832</subfield>
    </datafield>
    <datafield tag="400" ind1="1" ind2=" ">
      <subfield code="a">Gete, Yôhân Wôlfgang &#152;fôn&#156;</subfield>
      <subfield code="d">1749-1832</subfield>
    </datafield>
    <datafield tag="400" ind1="1" ind2=" ">
      <subfield code="a">Gête, Yôhan Wolfgang</subfield>
      <subfield code="d">1749-1832</subfield>
    </datafield>
    <datafield tag="400" ind1="1" ind2=" ">
      <subfield code="a">Gete, Yohann Volfqanq</subfield>
      <subfield code="d">1749-1832</subfield>
    </datafield>
    <datafield tag="400" ind1="1" ind2=" ">
      <subfield code="a">Gete, Yogann Volʹfgang</subfield>
      <subfield code="d">1749-1832</subfield>
    </datafield>
    <datafield tag="400" ind1="1" ind2=" ">
      <subfield code="a">Gete, Y. W.</subfield>
      <subfield code="d">1749-1832</subfield>
    </datafield>
    <datafield tag="400" ind1="1" ind2=" ">
      <subfield code="a">Gêtê, Y. W.</subfield>
      <subfield code="d">1749-1832</subfield>
    </datafield>
    <datafield tag="400" ind1="1" ind2=" ">
      <subfield code="a">Gete, Volʹfgang</subfield>
      <subfield code="d">1749-1832</subfield>
    </datafield>
    <datafield tag="400" ind1="1" ind2=" ">
      <subfield code="a">Gete, V.</subfield>
      <subfield code="d">1749-1832</subfield>
    </datafield>
    <datafield tag="400" ind1="1" ind2=" ">
      <subfield code="a">Gete, Egan Vol'fgang</subfield>
      <subfield code="d">1749-1832</subfield>
    </datafield>
    <datafield tag="400" ind1="0" ind2=" ">
      <subfield code="a">Gete</subfield>
      <subfield code="d">1749-1832</subfield>
    </datafield>
    <datafield tag="400" ind1="0" ind2=" ">
      <subfield code="a">Gēte</subfield>
      <subfield code="d">1749-1832</subfield>
    </datafield>
    <datafield tag="400" ind1="0" ind2=" ">
      <subfield code="a">Gě'ṭe</subfield>
      <subfield code="d">1749-1832</subfield>
    </datafield>
    <datafield tag="400" ind1="1" ind2=" ">
      <subfield code="a">Gette, G.</subfield>
      <subfield code="d">1749-1832</subfield>
    </datafield>
    <datafield tag="400" ind1="1" ind2=" ">
      <subfield code="a">Gede, Yuehan Wofugang</subfield>
      <subfield code="d">1749-1832</subfield>
    </datafield>
    <datafield tag="400" ind1="0" ind2=" ">
      <subfield code="a">Gede</subfield>
      <subfield code="d">1749-1832</subfield>
    </datafield>
    <datafield tag="400" ind1="0" ind2=" ">
      <subfield code="a">Ge de</subfield>
      <subfield code="d">1749-1832</subfield>
    </datafield>
    <datafield tag="400" ind1="1" ind2=" ">
      <subfield code="a">Geteh, Yohan Ṿolfgang &#152;fon&#156;</subfield>
      <subfield code="d">1749-1832</subfield>
    </datafield>
    <datafield tag="400" ind1="1" ind2=" ">
      <subfield code="a">Gūta, Yūhān Wulfgāng &#152;fun&#156;</subfield>
      <subfield code="d">1749-1832</subfield>
    </datafield>
    <datafield tag="400" ind1="1" ind2=" ">
      <subfield code="a">Gūta, Yūhān Wulfgāng &#152;fūn&#156;</subfield>
      <subfield code="d">1749-1832</subfield>
    </datafield>
    <datafield tag="400" ind1="1" ind2=" ">
      <subfield code="a">Ǧūta, Yūhān Wulfǧānǧ &#152;fūn&#156;</subfield>
      <subfield code="d">1749-1832</subfield>
    </datafield>
    <datafield tag="400" ind1="0" ind2=" ">
      <subfield code="a">Gūta</subfield>
      <subfield code="d">1749-1832</subfield>
    </datafield>
    <datafield tag="400" ind1="0" ind2=" ">
      <subfield code="a">Ǧīta</subfield>
      <subfield code="d">1749-1832</subfield>
    </datafield>
    <datafield tag="400" ind1="0" ind2=" ">
      <subfield code="a">Ǧītā</subfield>
      <subfield code="d">1749-1832</subfield>
    </datafield>
    <datafield tag="400" ind1="0" ind2=" ">
      <subfield code="a">Ǧītah</subfield>
      <subfield code="d">1749-1832</subfield>
    </datafield>
    <datafield tag="400" ind1="0" ind2=" ">
      <subfield code="a">Ǧītih</subfield>
      <subfield code="d">1749-1832</subfield>
    </datafield>
    <datafield tag="400" ind1="1" ind2=" ">
      <subfield code="a">Giote, Johan Wolphgang</subfield>
      <subfield code="d">1749-1832</subfield>
    </datafield>
    <datafield tag="400" ind1="1" ind2=" ">
      <subfield code="a">Giote, J. W.</subfield>
      <subfield code="d">1749-1832</subfield>
    </datafield>
    <datafield tag="400" ind1="1" ind2=" ">
      <subfield code="a">Gǐote, Jochan Volfgang</subfield>
      <subfield code="d">1749-1832</subfield>
    </datafield>
    <datafield tag="400" ind1="1" ind2=" ">
      <subfield code="a">Giote, J. V.</subfield>
      <subfield code="d">1749-1832</subfield>
    </datafield>
    <datafield tag="400" ind1="1" ind2=" ">
      <subfield code="a">Ġūta, Yūhān Fūlfġānḡ</subfield>
      <subfield code="d">1749-1832</subfield>
    </datafield>
    <datafield tag="400" ind1="1" ind2=" ">
      <subfield code="a">Ġūtah, Yūhān Fūlfġānḡ</subfield>
      <subfield code="d">1749-1832</subfield>
    </datafield>
    <datafield tag="400" ind1="1" ind2=" ">
      <subfield code="a">Ġūtih, Yūhān Vūlfġanġ &#152;fūn&#156;</subfield>
      <subfield code="d">1749-1832</subfield>
    </datafield>
    <datafield tag="400" ind1="1" ind2=" ">
      <subfield code="a">Ġūtih, Yūhān Fūlfġānḡ</subfield>
      <subfield code="d">1749-1832</subfield>
    </datafield>
    <datafield tag="400" ind1="1" ind2=" ">
      <subfield code="a">Goytä, Yohan Welfgang &#152;fon&#156;</subfield>
      <subfield code="d">1749-1832</subfield>
    </datafield>
    <datafield tag="400" ind1="1" ind2=" ">
      <subfield code="a">Gyote, Johān Bholphgãā</subfield>
      <subfield code="d">1749-1832</subfield>
    </datafield>
    <datafield tag="400" ind1="1" ind2=" ">
      <subfield code="a">Gyot'e, Yohan Wolfgang</subfield>
      <subfield code="d">1749-1832</subfield>
    </datafield>
    <datafield tag="400" ind1="1" ind2=" ">
      <subfield code="a">Gyot'e, Yohan Volfgang</subfield>
      <subfield code="d">1749-1832</subfield>
    </datafield>
    <datafield tag="400" ind1="1" ind2=" ">
      <subfield code="a">GŚutih, YŚuhŚan VŚulf·gan·g fŚun</subfield>
      <subfield code="d">1749-1832</subfield>
    </datafield>
    <datafield tag="400" ind1="1" ind2=" ">
      <subfield code="a">Gkaite, Giochan Bolphnkannk &#152;phon&#156;</subfield>
      <subfield code="d">1749-1832</subfield>
    </datafield>
    <datafield tag="400" ind1="1" ind2=" ">
      <subfield code="a">Gkaite, Giochan Bolphnkannk êphonë</subfield>
      <subfield code="d">1749-1832</subfield>
    </datafield>
    <datafield tag="400" ind1="1" ind2=" ">
      <subfield code="a">Gkaite, Giochan B. &#152;phon&#156;</subfield>
      <subfield code="d">1749-1832</subfield>
    </datafield>
    <datafield tag="400" ind1="1" ind2=" ">
      <subfield code="a">Gkaite, Iōann Mpolphgang</subfield>
      <subfield code="d">1749-1832</subfield>
    </datafield>
    <datafield tag="400" ind1="0" ind2=" ">
      <subfield code="a">Gkaite</subfield>
      <subfield code="d">1749-1832</subfield>
    </datafield>
    <datafield tag="400" ind1="1" ind2=" ">
      <subfield code="a">Koet'e, Yohan Polp'ŭgang &#152;p'on&#156;</subfield>
      <subfield code="d">1749-1832</subfield>
    </datafield>
    <datafield tag="400" ind1="0" ind2=" ">
      <subfield code="a">Koet'e</subfield>
      <subfield code="d">1749-1832</subfield>
    </datafield>
    <datafield tag="400" ind1="1" ind2=" ">
      <subfield code="a">Kêôt'ê, Volfkank</subfield>
      <subfield code="d">1749-1832</subfield>
    </datafield>
    <datafield tag="400" ind1="0" ind2=" ">
      <subfield code="a">Kēōthē</subfield>
      <subfield code="d">1749-1832</subfield>
    </datafield>
    <datafield tag="400" ind1="1" ind2=" ">
      <subfield code="a">Kote, Johann Volfgang</subfield>
      <subfield code="d">1749-1832</subfield>
    </datafield>
    <datafield tag="400" ind1="1" ind2=" ">
      <subfield code="a">Kote, Jochann Volfgang</subfield>
      <subfield code="d">1749-1832</subfield>
    </datafield>
    <datafield tag="400" ind1="1" ind2=" ">
      <subfield code="a">Kote, J. V.</subfield>
      <subfield code="d">1749-1832</subfield>
    </datafield>
    <datafield tag="400" ind1="1" ind2=" ">
      <subfield code="a">Kote, V.</subfield>
      <subfield code="d">1749-1832</subfield>
    </datafield>
    <datafield tag="400" ind1="1" ind2=" ">
      <subfield code="a">Hete, Johann-Vol'fhanh</subfield>
      <subfield code="d">1749-1832</subfield>
    </datafield>
    <datafield tag="400" ind1="1" ind2=" ">
      <subfield code="a">Hëte, Ëhan Vol'fhanh</subfield>
      <subfield code="d">1749-1832</subfield>
    </datafield>
    <datafield tag="400" ind1="1" ind2=" ">
      <subfield code="a">Höte, Iohann Volfqanq</subfield>
      <subfield code="d">1749-1832</subfield>
    </datafield>
    <datafield tag="400" ind1="0" ind2=" ">
      <subfield code="a">Yo han Bol peu gang pon Goe te</subfield>
      <subfield code="d">1749-1832</subfield>
    </datafield>
    <datafield tag="400" ind1="0" ind2=" ">
      <subfield code="a">Yohan-Bolpeugang-pon-Goete</subfield>
      <subfield code="d">1749-1832</subfield>
    </datafield>
    <datafield tag="400" ind1="0" ind2=" ">
      <subfield code="a">Yue han Wo fu gang Ge de</subfield>
      <subfield code="d">1749-1832</subfield>
    </datafield>
    <datafield tag="400" ind1="0" ind2=" ">
      <subfield code="a">Yuehan-Wofugang-Gede</subfield>
      <subfield code="d">1749-1832</subfield>
    </datafield>
    <datafield tag="400" ind1="1" ind2=" ">
      <subfield code="a">Gyote, Yohan Wolfgang</subfield>
      <subfield code="d">1749-1832</subfield>
      <subfield code="9">v:uigur.</subfield>
    </datafield>
    <datafield tag="400" ind1="1" ind2=" ">
      <subfield code="a">Goethe, Johann Wolfgang &#152;v.&#156;</subfield>
      <subfield code="d">1749-1832</subfield>
    </datafield>
    <datafield tag="400" ind1="1" ind2=" ">
      <subfield code="a">Goethe, Johann W. &#152;von&#156;</subfield>
      <subfield code="d">1749-1832</subfield>
    </datafield>
    <datafield tag="400" ind1="1" ind2=" ">
      <subfield code="a">Goethe, Johann W.</subfield>
      <subfield code="d">1749-1832</subfield>
    </datafield>
    <datafield tag="400" ind1="1" ind2=" ">
      <subfield code="a">Goethe, J. W. &#152;von&#156;</subfield>
      <subfield code="d">1749-1832</subfield>
    </datafield>
    <datafield tag="400" ind1="1" ind2=" ">
      <subfield code="a">Goethe, Wolfgang &#152;von&#156;</subfield>
      <subfield code="d">1749-1832</subfield>
    </datafield>
    <datafield tag="400" ind1="1" ind2=" ">
      <subfield code="a">Goethe, Wolfgang</subfield>
      <subfield code="d">1749-1832</subfield>
    </datafield>
    <datafield tag="400" ind1="1" ind2=" ">
      <subfield code="a">Gete, Johan Volfgang</subfield>
      <subfield code="d">1749-1832</subfield>
    </datafield>
    <datafield tag="400" ind1="1" ind2=" ">
      <subfield code="a">Gete, Iogann Volʹfgang</subfield>
      <subfield code="d">1749-1832</subfield>
    </datafield>
    <datafield tag="400" ind1="1" ind2=" ">
      <subfield code="a">Gete, J.V.</subfield>
      <subfield code="d">1749-1832</subfield>
    </datafield>
    <datafield tag="400" ind1="1" ind2=" ">
      <subfield code="a">Goithios, I.V.</subfield>
      <subfield code="d">1749-1832</subfield>
    </datafield>
    <datafield tag="400" ind1="1" ind2=" ">
      <subfield code="a">Gēte, Yohan Vorufugangu Fon</subfield>
      <subfield code="d">1749-1832</subfield>
    </datafield>
    <datafield tag="400" ind1="1" ind2=" ">
      <subfield code="a">Ġūtih, Yūhān Fūlfġānġ fūn</subfield>
      <subfield code="d">1749-1832</subfield>
    </datafield>
    <datafield tag="400" ind1="0" ind2=" ">
      <subfield code="a">Goythe</subfield>
      <subfield code="d">1749-1832</subfield>
    </datafield>
    <datafield tag="400" ind1="1" ind2=" ">
      <subfield code="a">Goethe, J.W. &#152;von&#156;</subfield>
      <subfield code="d">1749-1832</subfield>
    </datafield>
    <datafield tag="400" ind1="1" ind2=" ">
      <subfield code="a">Goethe, J.W.</subfield>
      <subfield code="d">1749-1832</subfield>
    </datafield>
    <datafield tag="400" ind1="1" ind2=" ">
      <subfield code="a">Гёте, Йоҳанн Волфганг</subfield>
      <subfield code="d">1749-1832</subfield>
      <subfield code="9">U:Cyrl</subfield>
      <subfield code="9">L:uzb</subfield>
    </datafield>
    <datafield tag="400" ind1="0" ind2=" ">
      <subfield code="a">歌德</subfield>
      <subfield code="d">1749-1832</subfield>
      <subfield code="5">DE-576</subfield>
      <subfield code="9">U:Hans</subfield>
    </datafield>
    <datafield tag="400" ind1="0" ind2=" ">
      <subfield code="a">約翰・沃爾夫岡・馮・歌德</subfield>
      <subfield code="d">1749-1832</subfield>
      <subfield code="5">DE-576</subfield>
      <subfield code="9">U:Hant</subfield>
    </datafield>
    <datafield tag="400" ind1="0" ind2=" ">
      <subfield code="a">约翰・沃尔夫冈・冯・歌德</subfield>
      <subfield code="d">1749-1832</subfield>
      <subfield code="5">DE-576</subfield>
      <subfield code="9">U:Hans</subfield>
    </datafield>
    <datafield tag="400" ind1="1" ind2=" ">
      <subfield code="a">ゲーテ, ヨハン・ヴォルフガング・フォン</subfield>
      <subfield code="d">1749-1832</subfield>
      <subfield code="5">DE-576</subfield>
      <subfield code="9">U:Jpan</subfield>
    </datafield>
    <datafield tag="400" ind1="1" ind2=" ">
      <subfield code="a">גתה, יוהן וולפגנג &#152;פון&#156;</subfield>
      <subfield code="d">1749-1832</subfield>
      <subfield code="9">U:Hebr</subfield>
    </datafield>
    <datafield tag="400" ind1="1" ind2=" ">
      <subfield code="a">גתה, יוהן וולפגנג</subfield>
      <subfield code="d">1749-1832</subfield>
      <subfield code="9">U:Hebr</subfield>
    </datafield>
    <datafield tag="400" ind1="0" ind2=" ">
      <subfield code="a">歌德</subfield>
      <subfield code="d">1749-1832</subfield>
      <subfield code="9">U:Hans</subfield>
    </datafield>
    <datafield tag="400" ind1="1" ind2=" ">
      <subfield code="a">ゲーテ, ヨハン・ヴォルフガング・フォン</subfield>
      <subfield code="d">1749-1832</subfield>
      <subfield code="9">U:Jpan</subfield>
    </datafield>
    <datafield tag="400" ind1="1" ind2=" ">
      <subfield code="a">გოეთე, იოჰან ვოლფგანგ ფონ</subfield>
      <subfield code="d">1749-1832</subfield>
      <subfield code="9">U:Geor</subfield>
    </datafield>
    <datafield tag="400" ind1="0" ind2=" ">
      <subfield code="a">요한 볼프강 폰 괴테</subfield>
      <subfield code="d">1749-1832</subfield>
      <subfield code="9">U:Hang</subfield>
    </datafield>
    <datafield tag="400" ind1="1" ind2=" ">
      <subfield code="a">گيوتې, يوھان ۋولڧگاڭ</subfield>
      <subfield code="d">1749-1832</subfield>
      <subfield code="9">U:Arab</subfield>
      <subfield code="9">L:uig</subfield>
    </datafield>
    <datafield tag="400" ind1="1" ind2=" ">
      <subfield code="a">괴테, 요한 볼프강 폰</subfield>
      <subfield code="d">1749-1832</subfield>
      <subfield code="5">DE-576</subfield>
      <subfield code="9">U:Kore</subfield>
    </datafield>
    <datafield tag="400" ind1="1" ind2=" ">
      <subfield code="a">歌德, 约翰·沃尔夫冈·</subfield>
      <subfield code="d">1749-1832</subfield>
      <subfield code="9">U:Hans</subfield>
    </datafield>
    <datafield tag="400" ind1="1" ind2=" ">
      <subfield code="a">گوته, یوهان ولفگانگ &#152;فون&#156;</subfield>
      <subfield code="d">1749-1832</subfield>
      <subfield code="9">U:Arab</subfield>
      <subfield code="9">L:per</subfield>
    </datafield>
    <datafield tag="400" ind1="1" ind2=" ">
      <subfield code="a">كوته, یوهان ولفكانك &#152;فون&#156;</subfield>
      <subfield code="d">1749-1832</subfield>
      <subfield code="9">U:Arab</subfield>
      <subfield code="9">L:ara</subfield>
    </datafield>
    <datafield tag="400" ind1="1" ind2=" ">
      <subfield code="a">Гёте, Йоҳанн Волфганг</subfield>
      <subfield code="d">1749-1832</subfield>
      <subfield code="9">v:Vorlage</subfield>
      <subfield code="9">U:Cyrl</subfield>
      <subfield code="9">L:uzb</subfield>
    </datafield>
    <datafield tag="500" ind1="1" ind2=" ">
      <subfield code="0">(DE-101)118695940</subfield>
      <subfield code="0">(DE-588)118695940</subfield>
      <subfield code="0">https://d-nb.info/gnd/118695940</subfield>
      <subfield code="a">Goethe, Johann Caspar</subfield>
      <subfield code="d">1710-1782</subfield>
      <subfield code="4">bezf</subfield>
      <subfield code="4">https://d-nb.info/standards/elementset/gnd#familialRelationship</subfield>
      <subfield code="w">r</subfield>
      <subfield code="i">Beziehung familiaer</subfield>
      <subfield code="e">Beziehung familiaer</subfield>
      <subfield code="9">v:Vater</subfield>
    </datafield>
    <datafield tag="500" ind1="1" ind2=" ">
      <subfield code="0">(DE-101)118540246</subfield>
      <subfield code="0">(DE-588)118540246</subfield>
      <subfield code="0">https://d-nb.info/gnd/118540246</subfield>
      <subfield code="a">Goethe, Katharina Elisabeth</subfield>
      <subfield code="d">1731-1808</subfield>
      <subfield code="4">bezf</subfield>
      <subfield code="4">https://d-nb.info/standards/elementset/gnd#familialRelationship</subfield>
      <subfield code="w">r</subfield>
      <subfield code="i">Beziehung familiaer</subfield>
      <subfield code="e">Beziehung familiaer</subfield>
      <subfield code="9">v:Mutter</subfield>
    </datafield>
    <datafield tag="500" ind1="1" ind2=" ">
      <subfield code="0">(DE-101)11871791X</subfield>
      <subfield code="0">(DE-588)11871791X</subfield>
      <subfield code="0">https://d-nb.info/gnd/11871791X</subfield>
      <subfield code="a">Goethe, Cornelia</subfield>
      <subfield code="d">1750-1777</subfield>
      <subfield code="4">bezf</subfield>
      <subfield code="4">https://d-nb.info/standards/elementset/gnd#familialRelationship</subfield>
      <subfield code="w">r</subfield>
      <subfield code="i">Beziehung familiaer</subfield>
      <subfield code="e">Beziehung familiaer</subfield>
      <subfield code="9">v:Schwester</subfield>
    </datafield>
    <datafield tag="500" ind1="1" ind2=" ">
      <subfield code="0">(DE-101)118795163</subfield>
      <subfield code="0">(DE-588)118795163</subfield>
      <subfield code="0">https://d-nb.info/gnd/118795163</subfield>
      <subfield code="a">Schlosser, Johann Georg</subfield>
      <subfield code="d">1739-1799</subfield>
      <subfield code="4">bezf</subfield>
      <subfield code="4">https://d-nb.info/standards/elementset/gnd#familialRelationship</subfield>
      <subfield code="w">r</subfield>
      <subfield code="i">Beziehung familiaer</subfield>
      <subfield code="e">Beziehung familiaer</subfield>
      <subfield code="9">v:Schwager</subfield>
    </datafield>
    <datafield tag="500" ind1="1" ind2=" ">
      <subfield code="0">(DE-101)118628011</subfield>
      <subfield code="0">(DE-588)118628011</subfield>
      <subfield code="0">https://d-nb.info/gnd/118628011</subfield>
      <subfield code="a">Goethe, Christiane &#152;von&#156;</subfield>
      <subfield code="d">1765-1816</subfield>
      <subfield code="4">bezf</subfield>
      <subfield code="4">https://d-nb.info/standards/elementset/gnd#familialRelationship</subfield>
      <subfield code="w">r</subfield>
      <subfield code="i">Beziehung familiaer</subfield>
      <subfield code="e">Beziehung familiaer</subfield>
      <subfield code="9">v:Ehefrau</subfield>
    </datafield>
    <datafield tag="500" ind1="1" ind2=" ">
      <subfield code="0">(DE-101)11854022X</subfield>
      <subfield code="0">(DE-588)11854022X</subfield>
      <subfield code="0">https://d-nb.info/gnd/11854022X</subfield>
      <subfield code="a">Goethe, August &#152;von&#156;</subfield>
      <subfield code="d">1789-1830</subfield>
      <subfield code="4">bezf</subfield>
      <subfield code="4">https://d-nb.info/standards/elementset/gnd#familialRelationship</subfield>
      <subfield code="w">r</subfield>
      <subfield code="i">Beziehung familiaer</subfield>
      <subfield code="e">Beziehung familiaer</subfield>
      <subfield code="9">v:Sohn</subfield>
    </datafield>
    <datafield tag="500" ind1="1" ind2=" ">
      <subfield code="0">(DE-101)118540254</subfield>
      <subfield code="0">(DE-588)118540254</subfield>
      <subfield code="0">https://d-nb.info/gnd/118540254</subfield>
      <subfield code="a">Goethe, Ottilie &#152;von&#156;</subfield>
      <subfield code="d">1796-1872</subfield>
      <subfield code="4">bezf</subfield>
      <subfield code="4">https://d-nb.info/standards/elementset/gnd#familialRelationship</subfield>
      <subfield code="w">r</subfield>
      <subfield code="i">Beziehung familiaer</subfield>
      <subfield code="e">Beziehung familiaer</subfield>
      <subfield code="9">v:Schwiegertochter</subfield>
    </datafield>
    <datafield tag="500" ind1="1" ind2=" ">
      <subfield code="0">(DE-101)11687256X</subfield>
      <subfield code="0">(DE-588)11687256X</subfield>
      <subfield code="0">https://d-nb.info/gnd/11687256X</subfield>
      <subfield code="a">Melber, Johanna Maria</subfield>
      <subfield code="d">1734-1823</subfield>
      <subfield code="4">bezf</subfield>
      <subfield code="4">https://d-nb.info/standards/elementset/gnd#familialRelationship</subfield>
      <subfield code="w">r</subfield>
      <subfield code="i">Beziehung familiaer</subfield>
      <subfield code="e">Beziehung familiaer</subfield>
      <subfield code="9">v:Tante</subfield>
    </datafield>
    <datafield tag="500" ind1="1" ind2=" ">
      <subfield code="0">(DE-101)118617222</subfield>
      <subfield code="0">(DE-588)118617222</subfield>
      <subfield code="0">https://d-nb.info/gnd/118617222</subfield>
      <subfield code="a">Stein, Charlotte &#152;von&#156;</subfield>
      <subfield code="d">1742-1827</subfield>
      <subfield code="4">beza</subfield>
      <subfield code="4">https://d-nb.info/standards/elementset/gnd#acquaintanceshipOrFriendship</subfield>
      <subfield code="w">r</subfield>
      <subfield code="i">Bekanntschaft</subfield>
      <subfield code="e">Bekanntschaft</subfield>
      <subfield code="9">v:Freundin</subfield>
    </datafield>
    <datafield tag="500" ind1="1" ind2=" ">
      <subfield code="0">(DE-101)118633252</subfield>
      <subfield code="0">(DE-588)118633252</subfield>
      <subfield code="0">https://d-nb.info/gnd/118633252</subfield>
      <subfield code="a">Willemer, Marianne &#152;von&#156;</subfield>
      <subfield code="d">1784-1860</subfield>
      <subfield code="4">beza</subfield>
      <subfield code="4">https://d-nb.info/standards/elementset/gnd#acquaintanceshipOrFriendship</subfield>
      <subfield code="w">r</subfield>
      <subfield code="i">Bekanntschaft</subfield>
      <subfield code="e">Bekanntschaft</subfield>
      <subfield code="9">v:Freundin</subfield>
    </datafield>
    <datafield tag="500" ind1="1" ind2=" ">
      <subfield code="0">(DE-101)118638076</subfield>
      <subfield code="0">(DE-588)118638076</subfield>
      <subfield code="0">https://d-nb.info/gnd/118638076</subfield>
      <subfield code="a">Buff, Charlotte</subfield>
      <subfield code="d">1753-1828</subfield>
      <subfield code="4">beza</subfield>
      <subfield code="4">https://d-nb.info/standards/elementset/gnd#acquaintanceshipOrFriendship</subfield>
      <subfield code="w">r</subfield>
      <subfield code="i">Bekanntschaft</subfield>
      <subfield code="e">Bekanntschaft</subfield>
      <subfield code="9">v:Freundin</subfield>
    </datafield>
    <datafield tag="500" ind1="1" ind2=" ">
      <subfield code="0">(DE-101)119277387</subfield>
      <subfield code="0">(DE-588)119277387</subfield>
      <subfield code="0">https://d-nb.info/gnd/119277387</subfield>
      <subfield code="a">Herzlieb, Minna</subfield>
      <subfield code="d">1789-1865</subfield>
      <subfield code="4">beza</subfield>
      <subfield code="4">https://d-nb.info/standards/elementset/gnd#acquaintanceshipOrFriendship</subfield>
      <subfield code="w">r</subfield>
      <subfield code="i">Bekanntschaft</subfield>
      <subfield code="e">Bekanntschaft</subfield>
      <subfield code="9">v:Freundin</subfield>
    </datafield>
    <datafield tag="500" ind1="1" ind2=" ">
      <subfield code="0">(DE-101)118727907</subfield>
      <subfield code="0">(DE-588)118727907</subfield>
      <subfield code="0">https://d-nb.info/gnd/118727907</subfield>
      <subfield code="a">Levetzow, Ulrike &#152;von&#156;</subfield>
      <subfield code="d">1804-1899</subfield>
      <subfield code="4">beza</subfield>
      <subfield code="4">https://d-nb.info/standards/elementset/gnd#acquaintanceshipOrFriendship</subfield>
      <subfield code="w">r</subfield>
      <subfield code="i">Bekanntschaft</subfield>
      <subfield code="e">Bekanntschaft</subfield>
      <subfield code="9">v:letzte Freundin »Marienbader Elegie«</subfield>
      <subfield code="9">Z:1821-1823</subfield>
    </datafield>
    <datafield tag="500" ind1="0" ind2=" ">
      <subfield code="0">(DE-101)11856014X</subfield>
      <subfield code="0">(DE-588)11856014X</subfield>
      <subfield code="0">https://d-nb.info/gnd/11856014X</subfield>
      <subfield code="a">Karl August</subfield>
      <subfield code="c">Sachsen-Weimar-Eisenach, Großherzog</subfield>
      <subfield code="d">1757-1828</subfield>
      <subfield code="4">bezb</subfield>
      <subfield code="4">https://d-nb.info/standards/elementset/gnd#professionalRelationship</subfield>
      <subfield code="w">r</subfield>
      <subfield code="i">Beziehung beruflich</subfield>
      <subfield code="e">Beziehung beruflich</subfield>
    </datafield>
    <datafield tag="500" ind1="1" ind2=" ">
      <subfield code="0">(DE-101)118607626</subfield>
      <subfield code="0">(DE-588)118607626</subfield>
      <subfield code="0">https://d-nb.info/gnd/118607626</subfield>
      <subfield code="a">Schiller, Friedrich</subfield>
      <subfield code="d">1759-1805</subfield>
      <subfield code="4">beza</subfield>
      <subfield code="4">https://d-nb.info/standards/elementset/gnd#acquaintanceshipOrFriendship</subfield>
      <subfield code="w">r</subfield>
      <subfield code="i">Bekanntschaft</subfield>
      <subfield code="e">Bekanntschaft</subfield>
    </datafield>
    <datafield tag="500" ind1="1" ind2=" ">
      <subfield code="0">(DE-101)1012367460</subfield>
      <subfield code="0">(DE-588)1012367460</subfield>
      <subfield code="0">https://d-nb.info/gnd/1012367460</subfield>
      <subfield code="a">Textor, Anna Margarethe</subfield>
      <subfield code="d">1640-1676</subfield>
      <subfield code="4">bezf</subfield>
      <subfield code="4">https://d-nb.info/standards/elementset/gnd#familialRelationship</subfield>
      <subfield code="w">r</subfield>
      <subfield code="i">Beziehung familiaer</subfield>
      <subfield code="e">Beziehung familiaer</subfield>
      <subfield code="9">v:Nachkomme</subfield>
    </datafield>
    <datafield tag="530" ind1=" " ind2="0">
      <subfield code="0">(DE-101)1085150313</subfield>
      <subfield code="0">(DE-588)1085150313</subfield>
      <subfield code="0">https://d-nb.info/gnd/1085150313</subfield>
      <subfield code="a">Exlibris</subfield>
      <subfield code="g">Goethe, Johann Wolfgang von</subfield>
      <subfield code="n">01</subfield>
      <subfield code="4">rela</subfield>
      <subfield code="4">https://d-nb.info/standards/elementset/gnd#relatedWork</subfield>
      <subfield code="w">r</subfield>
      <subfield code="i">Relation allgemein</subfield>
    </datafield>
    <datafield tag="530" ind1=" " ind2="0">
      <subfield code="0">(DE-101)1085154025</subfield>
      <subfield code="0">(DE-588)1085154025</subfield>
      <subfield code="0">https://d-nb.info/gnd/1085154025</subfield>
      <subfield code="a">Exlibris</subfield>
      <subfield code="g">Goethe, Johann Wolfgang von</subfield>
      <subfield code="n">02</subfield>
      <subfield code="4">rela</subfield>
      <subfield code="4">https://d-nb.info/standards/elementset/gnd#relatedWork</subfield>
      <subfield code="w">r</subfield>
      <subfield code="i">Relation allgemein</subfield>
    </datafield>
    <datafield tag="548" ind1=" " ind2=" ">
      <subfield code="a">28.08.1749-22.03.1832</subfield>
      <subfield code="4">datx</subfield>
      <subfield code="4">https://d-nb.info/standards/elementset/gnd#dateOfBirthAndDeath</subfield>
      <subfield code="w">r</subfield>
      <subfield code="i">Exakte Lebensdaten</subfield>
    </datafield>
    <datafield tag="548" ind1=" " ind2=" ">
      <subfield code="a">1749-1832</subfield>
      <subfield code="4">datl</subfield>
      <subfield code="4">https://d-nb.info/standards/elementset/gnd#dateOfBirthAndDeath</subfield>
      <subfield code="w">r</subfield>
      <subfield code="i">Lebensdaten</subfield>
    </datafield>
    <datafield tag="550" ind1=" " ind2=" ">
      <subfield code="0">(DE-101)040533093</subfield>
      <subfield code="0">(DE-588)4053309-8</subfield>
      <subfield code="0">https://d-nb.info/gnd/4053309-8</subfield>
      <subfield code="a">Schriftsteller</subfield>
      <subfield code="4">berc</subfield>
      <subfield code="4">https://d-nb.info/standards/elementset/gnd#professionOrOccupation</subfield>
      <subfield code="w">r</subfield>
      <subfield code="i">Charakteristischer Beruf</subfield>
    </datafield>
    <datafield tag="550" ind1=" " ind2=" ">
      <subfield code="0">(DE-101)041763106</subfield>
      <subfield code="0">(DE-588)4176310-5</subfield>
      <subfield code="0">https://d-nb.info/gnd/4176310-5</subfield>
      <subfield code="a">Publizist</subfield>
      <subfield code="4">beru</subfield>
      <subfield code="4">https://d-nb.info/standards/elementset/gnd#professionOrOccupation</subfield>
      <subfield code="w">r</subfield>
      <subfield code="i">Beruf</subfield>
    </datafield>
    <datafield tag="550" ind1=" " ind2=" ">
      <subfield code="0">(DE-101)040465179</subfield>
      <subfield code="0">(DE-588)4046517-2</subfield>
      <subfield code="0">https://d-nb.info/gnd/4046517-2</subfield>
      <subfield code="a">Politiker</subfield>
      <subfield code="4">beru</subfield>
      <subfield code="4">https://d-nb.info/standards/elementset/gnd#professionOrOccupation</subfield>
      <subfield code="w">r</subfield>
      <subfield code="i">Beruf</subfield>
    </datafield>
    <datafield tag="550" ind1=" " ind2=" ">
      <subfield code="0">(DE-101)040290506</subfield>
      <subfield code="0">(DE-588)4029050-5</subfield>
      <subfield code="0">https://d-nb.info/gnd/4029050-5</subfield>
      <subfield code="a">Jurist</subfield>
      <subfield code="4">beru</subfield>
      <subfield code="4">https://d-nb.info/standards/elementset/gnd#professionOrOccupation</subfield>
      <subfield code="w">r</subfield>
      <subfield code="i">Beruf</subfield>
    </datafield>
    <datafield tag="550" ind1=" " ind2=" ">
      <subfield code="0">(DE-101)04041423X</subfield>
      <subfield code="0">(DE-588)4041423-1</subfield>
      <subfield code="0">https://d-nb.info/gnd/4041423-1</subfield>
      <subfield code="a">Naturwissenschaftler</subfield>
      <subfield code="4">beru</subfield>
      <subfield code="4">https://d-nb.info/standards/elementset/gnd#professionOrOccupation</subfield>
      <subfield code="w">r</subfield>
      <subfield code="i">Beruf</subfield>
    </datafield>
    <datafield tag="550" ind1=" " ind2=" ">
      <subfield code="0">(DE-101)041850440</subfield>
      <subfield code="0">(DE-588)4185044-0</subfield>
      <subfield code="0">https://d-nb.info/gnd/4185044-0</subfield>
      <subfield code="a">Theaterintendant</subfield>
      <subfield code="4">beru</subfield>
      <subfield code="4">https://d-nb.info/standards/elementset/gnd#professionOrOccupation</subfield>
      <subfield code="w">r</subfield>
      <subfield code="i">Beruf</subfield>
    </datafield>
    <datafield tag="550" ind1=" " ind2=" ">
      <subfield code="0">(DE-101)040372154</subfield>
      <subfield code="0">(DE-588)4037215-7</subfield>
      <subfield code="0">https://d-nb.info/gnd/4037215-7</subfield>
      <subfield code="a">Maler</subfield>
      <subfield code="4">beru</subfield>
      <subfield code="4">https://d-nb.info/standards/elementset/gnd#professionOrOccupation</subfield>
      <subfield code="w">r</subfield>
      <subfield code="i">Beruf</subfield>
    </datafield>
    <datafield tag="550" ind1=" " ind2=" ">
      <subfield code="0">(DE-101)042003458</subfield>
      <subfield code="0">(DE-588)4200345-3</subfield>
      <subfield code="0">https://d-nb.info/gnd/4200345-3</subfield>
      <subfield code="a">Zeichner</subfield>
      <subfield code="4">beru</subfield>
      <subfield code="4">https://d-nb.info/standards/elementset/gnd#professionOrOccupation</subfield>
      <subfield code="w">r</subfield>
      <subfield code="i">Beruf</subfield>
    </datafield>
    <datafield tag="551" ind1=" " ind2=" ">
      <subfield code="0">(DE-101)040181189</subfield>
      <subfield code="0">(DE-588)4018118-2</subfield>
      <subfield code="0">https://d-nb.info/gnd/4018118-2</subfield>
      <subfield code="a">Frankfurt am Main</subfield>
      <subfield code="4">ortg</subfield>
      <subfield code="4">https://d-nb.info/standards/elementset/gnd#placeOfBirth</subfield>
      <subfield code="w">r</subfield>
      <subfield code="i">Geburtsort</subfield>
    </datafield>
    <datafield tag="551" ind1=" " ind2=" ">
      <subfield code="0">(DE-101)040651053</subfield>
      <subfield code="0">(DE-588)4065105-8</subfield>
      <subfield code="0">https://d-nb.info/gnd/4065105-8</subfield>
      <subfield code="a">Weimar</subfield>
      <subfield code="4">orts</subfield>
      <subfield code="4">https://d-nb.info/standards/elementset/gnd#placeOfDeath</subfield>
      <subfield code="w">r</subfield>
      <subfield code="i">Sterbeort</subfield>
    </datafield>
    <datafield tag="551" ind1=" " ind2=" ">
      <subfield code="0">(DE-101)040651053</subfield>
      <subfield code="0">(DE-588)4065105-8</subfield>
      <subfield code="0">https://d-nb.info/gnd/4065105-8</subfield>
      <subfield code="a">Weimar</subfield>
      <subfield code="4">ortw</subfield>
      <subfield code="4">https://d-nb.info/standards/elementset/gnd#placeOfActivity</subfield>
      <subfield code="w">r</subfield>
      <subfield code="i">Wirkungsort</subfield>
    </datafield>
    <datafield tag="667" ind1=" " ind2=" ">
      <subfield code="a">NDSBIO</subfield>
    </datafield>
    <datafield tag="667" ind1=" " ind2=" ">
      <subfield code="a">VD-17</subfield>
    </datafield>
    <datafield tag="667" ind1=" " ind2=" ">
      <subfield code="a">12</subfield>
    </datafield>
    <datafield tag="667" ind1=" " ind2=" ">
      <subfield code="a">384</subfield>
    </datafield>
    <datafield tag="667" ind1=" " ind2=" ">
      <subfield code="a">SWB</subfield>
    </datafield>
    <datafield tag="667" ind1=" " ind2=" ">
      <subfield code="a">OENAK</subfield>
    </datafield>
    <datafield tag="667" ind1=" " ind2=" ">
      <subfield code="a">Buchbesitz: HAAB Weimar</subfield>
    </datafield>
    <datafield tag="670" ind1=" " ind2=" ">
      <subfield code="a">ADB</subfield>
      <subfield code="b">Stand: 31.08.2015</subfield>
      <subfield code="u">http://www.deutsche-biographie.de/ppn118540238.html?anchor=adb</subfield>
    </datafield>
    <datafield tag="670" ind1=" " ind2=" ">
      <subfield code="a">Wikipedia</subfield>
      <subfield code="b">Stand: 27.10.2023</subfield>
      <subfield code="u">https://de.wikipedia.org/w/index.php?oldid=237605052</subfield>
    </datafield>
    <datafield tag="670" ind1=" " ind2=" ">
      <subfield code="a">M</subfield>
    </datafield>
    <datafield tag="670" ind1=" " ind2=" ">
      <subfield code="a">B 1986</subfield>
    </datafield>
    <datafield tag="670" ind1=" " ind2=" ">
      <subfield code="a">LCAuth</subfield>
    </datafield>
    <datafield tag="670" ind1=" " ind2=" ">
      <subfield code="a">Kosch Lit.</subfield>
    </datafield>
    <datafield tag="670" ind1=" " ind2=" ">
      <subfield code="a">DbA</subfield>
    </datafield>
    <datafield tag="670" ind1=" " ind2=" ">
      <subfield code="a">Provenienzmerkmal</subfield>
      <subfield code="b">Exlibris</subfield>
    </datafield>
    <datafield tag="670" ind1=" " ind2=" ">
      <subfield code="a">Provenienzmerkmal</subfield>
      <subfield code="b">Autogramm</subfield>
    </datafield>
    <datafield tag="678" ind1=" " ind2=" ">
      <subfield code="b">Staatsmann, Geheimrat</subfield>
    </datafield>
    <datafield tag="680" ind1=" " ind2=" ">
      <subfield code="a">Laut dem Buch '"Nachtwachen" von Bonaventura alias J. W. v. Goethe' von Lothar Baus ist Goethe möglicher Verf. der "Nachtwachen".</subfield>
    </datafield>
    <datafield tag="700" ind1="1" ind2="7">
      <subfield code="0">(DE-101)970555210</subfield>
      <subfield code="0">(GESIS)10045849</subfield>
      <subfield code="0">http://lod.gesis.org/thesoz/concept_10045849</subfield>
      <subfield code="a">Goethe, Johann Wolfgang &#152;von&#156;</subfield>
      <subfield code="d">1749-1832</subfield>
      <subfield code="4">=EQ</subfield>
      <subfield code="4">https://d-nb.info/standards/elementset/gnd#exactEquivalence</subfield>
      <subfield code="i">exakte Aequivalenz</subfield>
      <subfield code="2">thesoz</subfield>
    </datafield>
    <datafield tag="700" ind1="1" ind2="4">
      <subfield code="a">ゲーテ, ヨハン・ヴォルフガング・フォン</subfield>
      <subfield code="d">1749-1832</subfield>
      <subfield code="9">U:Jpan</subfield>
      <subfield code="9">v:Original</subfield>
    </datafield>
    <datafield tag="913" ind1=" " ind2=" ">
      <subfield code="S">pnd</subfield>
      <subfield code="i">a</subfield>
      <subfield code="a">Goethe, Johann Wolfgang /von</subfield>
      <subfield code="0">(DE-588a)118540238</subfield>
    </datafield>
    <datafield tag="913" ind1=" " ind2=" ">
      <subfield code="S">pnd</subfield>
      <subfield code="i">a</subfield>
      <subfield code="a">Goethe, Johann W. /von</subfield>
      <subfield code="0">(DE-588a)185808069</subfield>
    </datafield>
    <datafield tag="913" ind1=" " ind2=" ">
      <subfield code="S">pnd</subfield>
      <subfield code="i">a</subfield>
      <subfield code="a">Goethe, Johann W.</subfield>
      <subfield code="0">(DE-588a)185848826</subfield>
    </datafield>
    <datafield tag="913" ind1=" " ind2=" ">
      <subfield code="S">pnd</subfield>
      <subfield code="i">a</subfield>
      <subfield code="a">Goethe, Johann Wolfgang</subfield>
      <subfield code="0">(DE-588a)101488358X</subfield>
    </datafield>
    <datafield tag="913" ind1=" " ind2=" ">
      <subfield code="S">pnd</subfield>
      <subfield code="i">a</subfield>
      <subfield code="a">Goethe, Johann Wolfgang von</subfield>
      <subfield code="0">(DE-588a)1014927390</subfield>
    </datafield>
  </record></metadata></record></GetRecord></OAI-PMH>